| 000 | 00561nam a2200193Ia 4500 | ||
|---|---|---|---|
| 003 | OSt | ||
| 005 | 20200819132732.0 | ||
| 008 | 190216s9999||||xx |||||||||||||| ||und|| | ||
| 020 | _a9788170149057 | ||
| 040 | _coclc | ||
| 082 |
_a541 _bSON/T |
||
| 100 |
_aSoni, P L _94083 |
||
| 245 | 0 |
_aTextbook Of Physical Chemistry / _cP L Soni ; O P Dharmarha ; U N Dash |
|
| 250 | _a22nd Ed. | ||
| 260 |
_bSulthan Chand&Sons, _c2003. _aNew Delhi: |
||
| 300 | _a1030p | ||
| 650 | _aChemistry-Chemistry | ||
| 942 |
_cBK _2ddc _h541 _iSON/T _k541 _mSON/T |
||
| 999 |
_c3109 _d3109 |
||